Pochodzenie nazw miesięcy - Statystyki

Ogólne statystyki
  • Ten quiz został rozwiązany 34 razy
  • Średni wynik to 12 z 12
Statystyki odpowiedzi
Nazwa pochodzi od... Miesiąc: % Poprawnych
spadających liści listopad
100%
małych owadów aktywnych w tym okresie roku czerwiec
97%
zamarzniętych grud ziemi grudzień
97%
okresu, w którym kwitną kwiaty i drzewa kwiecień
97%
kwitnących w tym czasie lip lipiec
97%
staropolskiego słowa oznaczającego stogi/ostry luty
97%
imienia rzymskiej bogini maj
97%
paździerzy- suchych łodyg lnu lub konopi październik
97%
narzędzia, którym dawniej ścinano zboże sierpień
97%
imienia rzymskiego boga wojny marzec
93%
zbierania w tym okresie drewna lub ,,styku" starego i nowego roku styczeń
93%
kwitnących o tej porze roku wrzosów wrzesień
93%
Nie znaleziono quizów pasujących do podanych kryteriów
Rozkład punktacji
Procent ludzi z każdym wynikiem
Percentyl według liczby udzielonych odpowiedzi
Twoja historia wyników
Nie rozwiązałeś tego quizu